| 000 | 00644nam a22001937a 4500 | ||
|---|---|---|---|
| 005 | 20251108171008.0 | ||
| 008 | 250721s2001 xx 000 0 ara d | ||
| 082 | 1 | 4 | _a327.951/راو |
| 100 | 1 | _aالراوي، عبد العزيز | |
| 245 | 1 | 0 | _aالعلاقات الصينية الإسرائيلية و أفاقها المستقبلية / |
| 264 | 1 |
_aعمان : _bمركز المستقبل للدراسات، _c2001. |
|
| 300 | _a302ص. | ||
| 490 | 0 | _aسلسلة الإسترايتجيات ؛3 | |
| 650 | 1 | 7 | _aالعلاقات الدولية |
| 650 | 1 | 7 | _aإسرائيل |
| 650 | 1 | 7 | _aالصين |
| 942 |
_2ddc _cBK |
||
| 999 |
_c53932 _d53932 |
||